Online
Catalog

Los intelectuales en los países en desarrollo / (Record no. 23143)

MARC details
000 -CABECERA
campo de control de longitud fija 00829nam a2200229 a 4500
001 - NÚMERO DE CONTROL
campo de control 000023647
005 - FECHA Y HORA DE LA ÚLTIMA TRANSACCIÓN
campo de control 20200930022353.0
008 - DATOS DE LONGITUD FIJA--INFORMACIÓN GENERAL
campo de control de longitud fija 101216s1976 mx 000 0 spa d
040 ## - FUENTE DE LA CATALOGACIÓN
Centro catalogador/agencia de origen DO-SdBNP
Lengua de catalogación spa
Centro/agencia transcriptor BNPHU
041 17 - CÓDIGO DE LENGUA
Código de lengua del texto/banda sonora o título independiente spa
Código de lengua original eng
Fuente del código Código de idiomas MARC
082 ## - NÚMERO DE LA CLASIFICACIÓN DECIMAL DEWEY
Número de clasificación nn*
Número de documento/Ítem nn*
049 ## - FONDOS LOCALES (OCLC)
Fondos de biblioteca BNGR
100 1# - ENTRADA PRINCIPAL--NOMBRE DE PERSONA
Nombre de persona Shils, Edward.
9 (RLIN) 48723
240 10 - TÍTULO UNIFORME
Título uniforme The intelectuals and the powers.
Lenguaje de la obra Español
245 10 - MENCIÓN DE TÍTULO
Título Los intelectuales en los países en desarrollo /
Mención de responsabilidad, etc. Edward Shils ; traducción Flora Setaro.
260 ## - PUBLICACIÓN, DISTRIBUCIÓN, ETC.
Lugar de publicación, distribución, etc. México, D. F. :
Nombre del editor, distribuidor, etc. Dimelisa, Distribuidora Mexicana de Libros,
Fecha de publicación, distribución, etc. 1976.
300 ## - DESCRIPCIÓN FÍSICA
Extensión 214 p. ;
Dimensiones 20 cm.
490 1# - MENCIÓN DE SERIE
Mención de serie Ediciones Tres Tiempos
Designación de volumen o secuencia 3
534 ## - NOTA SOBRE LA VERSIÓN ORIGINAL
Encabezamiento principal del original Título de la obra en inglés :
Mención de título del original The intelectuals and the powers
700 1# - PUNTO DE ACCESO ADICIONAL--NOMBRE DE PERSONA
Nombre de persona Satero, Flora,
Término indicativo de función/relación tr.
9 (RLIN) 48724
830 #0 - PUNTO DE ACCESO ADICIONAL DE SERIE-TÍTULO UNIFORME
Título uniforme Ediciones Tres Tiempos
Designación de volumen o secuencia 3
9 (RLIN) 48725
Holdings
Estado de retiro Estado de pérdida Restricciones de uso No para préstamo Código de colección Localización permanente Ubicación/localización actual Ubicación en estantería Fecha de adquisición Número de inventario Total de préstamos Signatura topográfica completa Código de barras Fecha visto por última vez Precio válido a partir de Tipo de ítem Koha
        Monografías: Libros y Folletos General General En catalogación 16.12.2010 LF1   nn* nn* 23647-10 25.06.2020 25.06.2020 Préstamo en sala

Powered by Koha